Bok! Bok! Bok! : (Record no. 5503)

MARC details
000 -LEADER
fixed length control field 00983nam a22002897a 4500
001 - CONTROL NUMBER
control field 5503
003 - CONTROL NUMBER IDENTIFIER
control field FISKH
005 - DATE AND TIME OF LATEST TRANSACTION
control field 20250425125712.0
008 - FIXED-LENGTH DATA ELEMENTS--GENERAL INFORMATION
fixed length control field 241213b cb ||||| |||| 00| 0 eng d
020 ## - INTERNATIONAL STANDARD BOOK NUMBER
International Standard Book Number 9780545610636
040 ## - CATALOGING SOURCE
Original cataloging agency FISKH
Language of cataloging eng
Transcribing agency FISKH
Modifying agency FISKH
050 ## - LIBRARY OF CONGRESS CALL NUMBER
Classification number PZ7.M33968
082 ## - DEWEY DECIMAL CLASSIFICATION NUMBER
Classification number 314
100 ## - MAIN ENTRY--PERSONAL NAME
Personal name Marko, Cyndi
245 ## - TITLE STATEMENT
Title Bok! Bok! Bok! :
Remainder of title A branches book (Kung Pow Chicken ) /
Statement of responsibility, etc. by Cyndi Marko
250 ## - EDITION STATEMENT
Edition statement First Scholastic printing, April 2014
260 ## - PUBLICATION, DISTRIBUTION, ETC.
Place of publication, distribution, etc. New York :
Name of publisher, distributor, etc. Scholastic ;
Date of publication, distribution, etc. 2014 .
300 ## - PHYSICAL DESCRIPTION
Extent 72 pages :
Other physical details color illustrations ;
Dimensions 20 cm .
505 ## - FORMATTED CONTENTS NOTE
Formatted contents note N <br/>
520 ## - SUMMARY, ETC.
Summary, etc. Superheroes Gordon Blue and his brother Benny must rescue an opera star from the evil Dr. Screech before he turns her super high voice into a supersonic weapon.
521 8# - TARGET AUDIENCE NOTE
Target audience note 580 <br/>
Source Lexile <br/>
521 8# - TARGET AUDIENCE NOTE
Target audience note N <br/>
Source Raz-Plus <br/>
650 ## - SUBJECT ADDED ENTRY--TOPICAL TERM
Topical term or geographic name entry element superheroes
Form subdivision Juvenile literature
650 ## - SUBJECT ADDED ENTRY--TOPICAL TERM
Topical term or geographic name entry element chicken
Form subdivision Juvenile literature
942 ## - ADDED ENTRY ELEMENTS (KOHA)
Source of classification or shelving scheme Dewey Decimal Classification
Koha item type Books
Suppress in OPAC No
Holdings
Withdrawn status Lost status Source of classification or shelving scheme Damaged status Not for loan Collection Home library Current library Shelving location Date acquired Total Checkouts Full call number Barcode Date last seen Date last checked out Price effective from Koha item type
    Dewey Decimal Classification     Juvenile Fiction Footprints International School Library Network Toul Tom Poung Campus Footprints International School Library Network Toul Tom Poung Campus TTP Primary Yellow Bookshelves 12/13/2024 1 MAR 314 PZ7.M33968 FISSE00586 04/25/2025 04/04/2025 12/13/2024 Books